| 000 | 01060nam0a2200337 4500 | ||
|---|---|---|---|
| 001 | RU\NLR\bibl\1527814 | ||
| 005 | 20250616032946.0 | ||
| 010 |
_a978-5-7422-2556-0 _9300 |
||
| 021 |
_aRU _b2010-39123 _92618 |
||
| 035 | _a(nilc)RSL-KNO-004651794 | ||
| 035 | _a(NLR Aleph) 001519156 | ||
| 090 |
_a129318 _c129318 |
||
| 100 | _a20100524d2010 |||y0rusy50 ca | ||
| 101 | 0 | _arus | |
| 102 | _aRU | ||
| 105 | _aa zzzz||||| | ||
| 200 | 1 |
_aВ мире что-то происходит... _eстихи для детей _fТамара Кибас |
|
| 210 |
_aСанкт-Петербург _cСПбГПУ _d2010 |
||
| 215 |
_a24 с. _cил. _d29 |
||
| 610 | 0 | _aДетская литература | |
| 686 |
_aШ9(2)6=Р70-53 _2rubbk |
||
| 686 | _aШ9(2)60=Р7-5 | ||
| 700 | 1 |
_aКибас _bТ. В. _gТамара Васильевна _4070 |
|
| 801 | 0 |
_aRU _bРГБ _c20100524 _grcr |
|
| 801 | 1 |
_aRU _bРГБ _c20100524 |
|
| 801 | 2 |
_aRU _bNLR _c20100625 _grcr |
|
| 830 | _aавт. по кн. | ||
| 942 | _cBOOK | ||
| 980 | _aNB | ||